000 03943nam a22002657a 4500
001 216219141
003 UA-OsUOA
005 20210118135038.0
008 200830b un ||||| m||| 00| 0 ukr d
040 _aUA-OsUOA
_bukr
_cUA-OsUOA
_dUA-OsUOA
041 _aukr
080 _a343.126+159.9.072
090 _a343.126+159.9.072
095 _a19.00.06
_bюридична психологія
100 _aГоловко М. Б.
245 _aОрганізаційно-правові та психологічні засади вдосконалення взаємодії працівників оперативних підрозділів та слідчих
_cГоловко Михайло Борисович ; наук. керівник Александров Денис Олександрович
260 _aКиїв
_c2012
300 _a19 с.
502 _6Автореферат дисертації на здобуття наукового ступеня кандидата юридичних наук
_cНаціональна академія внутрішніх справ
_d2012
520 _aДисертація присвячена розробці теоретичних засад та практичних рекомендацій щодо вдосконалення процесу професійної взаємодії працівників оперативних підрозділів та слідчих в процесі розкриття та розслідування злочинів. Для досягнення цієї мети автором проаналізована сутність, завдання та засади взаємодії працівників оперативних підрозділів зі слідчими в процесі розкриття і розслідування злочинів; виявлені закономірності розвитку кримінально-процесуального законодавства та іншої нормативно-правової бази України, що регламентує питання взаємодії працівників оперативних підрозділів та слідчих; з’ясовані критерії ефективності взаємодії працівників оперативних підрозділів та слідчих, а також психологічні чинники, що на неї впливають; визначені професійно-психологічні характеристики діяльності працівників оперативних підрозділів та слідчих; проведений порівняльний аналіз психологічної структури професійної діяльності працівників оперативних підрозділів та слідчих в контексті організації ефективної взаємодії при розкритті злочинів та розслідуванні кримінальних справ; сформульовані організаційно-правові засади вдосконалення порядку взаємодії працівників оперативних підрозділів та слідчих; розроблені рекомендації з психологічного супроводження професійної діяльності працівників оперативних підрозділів та слідчих із метою підвищення її ефективності.
650 _2UDC
_a343.1 Кримінальне судочинство
942 _2udc
_cAR
955 _a1
999 _c461163
_d461163